000 01333nam a2200277 i 4500
003 DO-SdBNP
005 20260501090329.0
007 ta
008 260430b2025 dr ||||| |||| 00| 0 spa d
020 _a9789945299434
040 _aDO-SdBNP
_bspa
_cBNPHU
_erda
041 _aspa
082 4 _2xxx
_aS698v
_b22
100 1 _aSónico, Auro
_eautor
_4aut.
_989447
245 1 0 _aVuelve y juega /
_cJosé Mauricio Saavedra.
264 4 _aSanto Domingo, República Dominicana :
_bJean2Print-Juan Núñez C.,
_c©2025.
300 _a117 páginas :
_bilustraciones ;
_c21 cm.
336 _atexto
_btxt
_2rdacontent
337 _asin mediación
_bn
_2rdamedia
338 _avolumen
_bnc
_2rdacarrier
500 _aLa biblioteca posee 1 ejemplar autografiados por el autor.
500 _a"En vuelve y juega conviven dos constantes relacionadas a la filosofía personal y social de Auro Sónico: motiva a la introspección para la evolución del ser e invita a clicar cada día el botón de la vida con actitud óptima. Estas ideas se mueven como luciérnagas a lo largo de sus 74 textos -prosas poéticas, poemas y narraciones- que revelan, con un tono íntimo y existencialista, distintos planos de un mismo hombre." Extracto del prólogo por Patricia Minalla Cruz.
590 _aInventariado, 2026 /LP
910 _aLP
942 _2ddc
_cLBS1
999 _c60648
_d60648